| 000 | 01112nam a2200229Ia 4500 | ||
|---|---|---|---|
| 001 | L200-54950 | ||
| 003 | IT-CnALBA | ||
| 008 | 170116s9999||||xx |||||||||||||| ||und|| | ||
| 040 |
_aIT-CnALBA _cIT-CnALBA |
||
| 041 | _aITALIANO | ||
| 100 | _aCAPRILE GIOVANNI, SJ. | ||
| 245 | 0 | _aIL SINODO DEI VESCOVI. 1971. SECONDA ASSEMBLEA GENERALE. | |
| 250 | _a1a ed. | ||
| 260 |
_a ROMA _bLA CIVILTÀ CATTOLICA EDIZIONI _c1971 [1° Ed.:1971 - Ed.Ling.Originale: 1971] |
||
| 300 | _a686 p. (prefazione: 16) | ||
| 500 | _aCONSIGLIO SEGRETERIA GENERALE E ATTIVITÀ. ANNUNCIO PREPARAZIONE VOCAZIONE. IL SACERDOZIO. PROBLEMI STORICI E PRATICI. LA GIUSTIZIA NEL MONDO. REDAZIONE E APPROVAZIONE DEI DOCUMENTI. | ||
| 501 | _aSocietà San Paolo EM - Piazza San Paolo, 14 - 12051 ALBA (CN) (non commercial uses only) ® Copyright 2017 | ||
| 520 | _aCONSIGLIO SEGRETERIA GENERALE E ATTIVITÀ. ANNUNCIO PREPARAZIONE VOCAZIONE. IL SACERDOZIO. PROBLEMI STORICI E PRATICI. LA GIUSTIZIA NEL MONDO. REDAZIONE E APPROVAZIONE DEI DOCUMENTI. | ||
| 650 | _aRELIGIONE - RELIGIONE CRISTIANA | ||
| 942 | _cBK | ||
| 957 | _71 | ||
| 999 |
_a72440 _bNO _g Copie: 1 _c313802 _d313802 |
||